| 000 | 00551cam a2200205 a 4500 | ||
|---|---|---|---|
| 001 | 2383659 | ||
| 005 | 20180213073106.0 | ||
| 008 | 850820s1981 kyua b s100 0 eng | ||
| 010 | _a 84622441 | ||
| 040 |
_aDLC _cDLC _dDLC |
||
| 041 | _aeng | ||
| 080 | _a636.089 FRE | ||
| 082 | 0 | 0 |
_a636.089 FRE _219 |
| 100 | _a4 | ||
| 101 | _aSHM | ||
| 245 | 0 | 0 |
_aSystems approach to animal health and production / _c[Fred W. Knapp, editor]. |
| 504 | _aIncludes bibliographies. | ||
| 906 |
_a7 _bcbc _corignew _d3 _encip _f19 _gy-gencatlg |
||
| 942 |
_2ddc _cBK |
||
| 999 |
_c42392 _d42392 |
||